| 000 | 00881nam a2200289 a 4500 | ||
|---|---|---|---|
| 001 | 72771 | ||
| 003 | BD-RjUL | ||
| 005 | 20211209082316.0 | ||
| 008 | 170523r19781969enka b 000 0 eng d | ||
| 020 | _a0713122366 | ||
| 020 | _a0713122374 | ||
| 035 | _a(BD-RjUL)72989 | ||
| 040 |
_aNLM _cNLM _beng _dBD-RjUL |
||
| 041 | _aeng | ||
| 060 | 0 |
_aW1 _bIN534S no.16 1969 |
|
| 082 |
_223 _a577.85 _bSCP 1978 |
||
| 100 | 1 |
_aScott, G. D. _q(George D.) _9215251 |
|
| 245 | 1 | 0 |
_aPlant symbiosis / _cby George D. Scott |
| 260 |
_aLondon : _bEdward Arnold, _cc1969 [reprinted 1978] |
||
| 300 |
_a[iv], 58 p. : _bill. ; _c23 cm |
||
| 490 | 1 |
_aInstitute of Biology's studies in biology ; _vno. 16 |
|
| 504 | _aBibliography: pp. 57-58 | ||
| 650 | 2 |
_aSymbiosis _9215252 |
|
| 650 | 0 |
_aPlants _9167953 |
|
| 830 | 0 |
_aInstitute of Biology's studies in biology ; _vno. 16 _9215255 |
|
| 942 |
_2ddc _cBK |
||
| 999 |
_c72771 _d72771 |
||